| 000 | 00447nam a22001697a 4500 | ||
|---|---|---|---|
| 005 | 20180221115910.0 | ||
| 008 | 160518b xxu||||| |||| 00| 0 eng d | ||
| 020 | _a978-81-7194-545-0 | ||
| 041 | _aeng | ||
| 082 |
_b2780 _a174.4 |
||
| 100 |
_aVasishth,Neru. Rajput, Namita _94152 |
||
| 245 | _aBusiness Ethics and Values With case Studies | ||
| 260 | _bTaxmann's Publication Pvt. Ltd. | ||
| 300 | _a277 | ||
| 650 |
_aManagement _9241 |
||
| 942 | _cBK | ||
| 999 |
_c986 _d986 |
||